Qui a joué pour Christopher Nolan ? - Statistiques

Statistiques générales
  • Ce quiz a été pris 31 fois
    3 depuis la dernière actualisation
  • Le résultat moyen est 11 sur 19
Answers on the Grid
Answers color-coded by a green-red scale on the quiz's grid according to % correct below.
Tom Holland
Brad Pitt
Gary Oldman
Rami Malek
Jake Gyllenhall
Timothé Chalamet
Scarlett Johansson
John David Washington
Ryan Gosling
Emma Stone
Leonardo DiCaprio
Anne Hathaway
Tom Hanks
Will Smith
Michael Caine
Ana de Armas
Daniel Craig
Marion Cotillard
Guy Pearce
Al Pacino
Ben Affleck
Harry Styles
Zoe Kravitz
Tom Hardy
Hugh Jackman
Keanu Reaves
Florence Pugh
Edward Norton
Margot Robbie
Liam Neeson
Jon Bernthal
Adam Driver
Robert Pattinson
 
Statistiques - réponses
Réponse % Correct
Al Pacino
100%
Anne Hathaway
100%
Hugh Jackman
100%
Marion Cotillard
100%
Michael Caine
100%
Tom Hardy
100%
Tom Holland
100%
Gary Oldman
50%
Guy Pearce
50%
John David Washington
50%
Jon Bernthal
50%
Leonardo DiCaprio
50%
Rami Malek
50%
Robert Pattinson
50%
Scarlett Johansson
50%
Florence Pugh
0%
Harry Styles
0%
Liam Neeson
0%
Timothé Chalamet
0%
Aucun quiz correspondant
Distribution des résultats
% des personnes avec chaque résultat
Percentile par nombre de réponses
Votre historique - résultats
Vous n’avez pas pris ce quiz depuis la dernière actualisation